Online
Catalog

Cuanto sé de mí / (Record no. 9867)

MARC details
000 -CABECERA
campo de control de longitud fija 00815cam a2200265 a 4500
001 - NÚMERO DE CONTROL
campo de control 000010108
005 - FECHA Y HORA DE LA ÚLTIMA TRANSACCIÓN
campo de control 20200929161840.0
008 - DATOS DE LONGITUD FIJA--INFORMACIÓN GENERAL
campo de control de longitud fija 940706s1992 sp 001 p spa
020 ## - NÚMERO INTERNACIONAL ESTÁNDAR DEL LIBRO
Número Internacional Estándar del Libro 8487417205
040 ## - FUENTE DE LA CATALOGACIÓN
Centro catalogador/agencia de origen DO-SdBNP
Lengua de catalogación spa
Centro/agencia transcriptor DLC
Centro/agencia modificador BNPHU
082 ## - NÚMERO DE LA CLASIFICACIÓN DECIMAL DEWEY
Número de clasificación 861.64
Número de documento/Ítem H633c
049 ## - FONDOS LOCALES (OCLC)
Fondos de biblioteca BNGR
100 1# - ENTRADA PRINCIPAL--NOMBRE DE PERSONA
Nombre de persona Hierro, José
Fechas asociadas al nombre 1922-2002
Forma completa/desarrollada del nombre (José Hierro del Real)
9 (RLIN) 25099
245 10 - MENCIÓN DE TÍTULO
Título Cuanto sé de mí /
Mención de responsabilidad, etc. José Hierro.
260 ## - PUBLICACIÓN, DISTRIBUCIÓN, ETC.
Lugar de publicación, distribución, etc. Madrid :
Nombre del editor, distribuidor, etc. La Palma,
Fecha de publicación, distribución, etc. 1992.
300 ## - DESCRIPCIÓN FÍSICA
Extensión 77 p. ;
Dimensiones 21 cm.
490 1# - MENCIÓN DE SERIE
Mención de serie Retorno
500 ## - NOTA GENERAL
Nota general Contiene algunas frases dichas por Calderón De La Barca
650 #4 - PUNTO DE ACCESO ADICIONAL DE MATERIA--TÉRMINO DE MATERIA
Término de materia o nombre geográfico como elemento de entrada Poesía española
9 (RLIN) 631
650 #4 - PUNTO DE ACCESO ADICIONAL DE MATERIA--TÉRMINO DE MATERIA
Término de materia o nombre geográfico como elemento de entrada Literatura española
9 (RLIN) 632
650 #4 - PUNTO DE ACCESO ADICIONAL DE MATERIA--TÉRMINO DE MATERIA
Término de materia o nombre geográfico como elemento de entrada Aventuras
Subdivisión general Poesías
9 (RLIN) 25100
650 #4 - PUNTO DE ACCESO ADICIONAL DE MATERIA--TÉRMINO DE MATERIA
Término de materia o nombre geográfico como elemento de entrada Sueños
Subdivisión general Poesías
9 (RLIN) 25101
830 #0 - PUNTO DE ACCESO ADICIONAL DE SERIE-TÍTULO UNIFORME
Título uniforme Retorno.
9 (RLIN) 25021
910 ## - DATOS DE OPCIÓN DEL USUARIO (OCLC)
Datos de opción del usuario Catalogación por copia / LC
Holdings
Estado de retiro Estado de pérdida Restricciones de uso No para préstamo Código de colección Localización permanente Ubicación/localización actual Ubicación en estantería Fecha de adquisición Número de inventario Total de préstamos Signatura topográfica completa Código de barras Fecha visto por última vez Precio válido a partir de Tipo de ítem Koha
    Préstamo interno   Monografías: Libros y Folletos General General En catalogación 03.10.2009 LF1   861.64 H633c 10108-10 25.06.2020 25.06.2020 Préstamo interno

Powered by Koha